Online
Catalog

Vida social y cultural de la Vega en la primera mitad del siglo XX : (Record no. 49396)

MARC details
000 -CABECERA
campo de control de longitud fija 02037nam a22003737i 4500
003 - IDENTIFICADOR DEL NÚMERO DE CONTROL
campo de control OSt
005 - FECHA Y HORA DE LA ÚLTIMA TRANSACCIÓN
campo de control 20240508073818.0
007 - CAMPO FIJO DE DESCRIPCIÓN FÍSICA--INFORMACIÓN GENERAL
campo de control de longitud fija ta
008 - DATOS DE LONGITUD FIJA--INFORMACIÓN GENERAL
campo de control de longitud fija 210217e2020 dr ac|||r||||z001 jdspa d
020 ## - NÚMERO INTERNACIONAL ESTÁNDAR DEL LIBRO
Número Internacional Estándar del Libro 9789945613117 (obra completa)
020 ## - NÚMERO INTERNACIONAL ESTÁNDAR DEL LIBRO
Número Internacional Estándar del Libro 978-9945-613-12-4 (v.1)
020 ## - NÚMERO INTERNACIONAL ESTÁNDAR DEL LIBRO
Número Internacional Estándar del Libro 9789945613131 (v.2)
040 ## - FUENTE DE LA CATALOGACIÓN
Centro catalogador/agencia de origen DO-SdBNP
Lengua de catalogación spa
Centro/agencia transcriptor BNPHU
Normas de descripción rda
041 ## - CÓDIGO DE LENGUA
Código de lengua original spa
082 #4 - NÚMERO DE LA CLASIFICACIÓN DECIMAL DEWEY
Número de clasificación 972.93697
Número de documento/Ítem H557v
100 1# - ENTRADA PRINCIPAL--NOMBRE DE PERSONA
9 (RLIN) 6902
Nombre de persona Hernández Figueroa, Alfredo Rafael.
245 13 - MENCIÓN DE TÍTULO
Título Vida social y cultural de la Vega en la primera mitad del siglo XX :
Resto del título según el periódico el progreso /
Mención de responsabilidad, etc. Alfredo Rafael Hernández Figueroa ; presentación Juan Francisco Domínguez Novas
264 ## - PRODUCCIÓN, PUBLICACIÓN, DISTRIBUCIÓN, FABRICACIÓN Y COPYRIGHT
Producción, publicación, distribución, fabricación y copyright Santo Domingo :
Nombre del de productor, editor, distribuidor, fabricante Archivo General de la Nación,
Fecha de producción, publicación, distribución, fabricación o copyright 2020
300 ## - DESCRIPCIÓN FÍSICA
Extensión 2 volumenes
Otras características físicas ilustrciones, retratos ;
Dimensiones 22 cm.
336 ## - TIPO DE CONTENIDO
Fuente rdacontent
Término de tipo de contenido texto
Código de tipo de contenido txt
337 ## - TIPO DE MEDIO
Fuente rdamedia
Nombre/término del tipo de medio sin mediación
Código del tipo de medio n
338 ## - TIPO DE SOPORTE
Fuente rdacarrier
Nombre/término del tipo de soporte volumen
Código del tipo de soporte nc
490 0# - MENCIÓN DE SERIE
Mención de serie Archivo General de la Nación ;
Designación de volumen o secuencia 327
500 ## - NOTA GENERAL
Nota general Incluye índice onomástico.
500 ## - NOTA GENERAL
Nota general Incluye referencias bibliográficas y notas al pie de las páginas
500 ## - NOTA GENERAL
Nota general Incluye datos biográficos del autor en la solapas
505 0# - NOTA DE CONTENIDO CON FORMATO
Título v.1:
-- Presentación.
-- Nota introductoria
-- Capítulo I. Sociedad y el teatro de la progresista
-- Capítulo II. Sociedad amor al estudio, cultura y los nuevos.
-- Capítulo III. Teatro Rívoli y las fiestas patronales
-- Capítulo IV. Carnaval social de los clubes de primera
-- Capítulo V. El feminismo en la Vega
505 0# - NOTA DE CONTENIDO CON FORMATO
Título v.2.
-- Capítulo VI. Vida social en La Vega.
-- Capítulo VII. Los juegos florales 1915 y 1924
-- Capítulo VIII. Ideas antimperialistas socialistas en La Vega
-- Capítulo IX. La presencia de refugiados españoles en La Vega a partir de 1940.
651 #4 - PUNTO DE ACCESO ADICIONAL DE MATERIA--NOMBRE GEOGRÁFICO
Nombre geográfico La Vega (República Dominicana)
Subdivisión general Vida social y costumbres
Subdivisión cronológica Siglo XX
9 (RLIN) 77856
651 #0 - PUNTO DE ACCESO ADICIONAL DE MATERIA--NOMBRE GEOGRÁFICO
Nombre geográfico Concepción de la Vega (Republica Dominicana )
9 (RLIN) 2180
700 1# - PUNTO DE ACCESO ADICIONAL--NOMBRE DE PERSONA
Nombre de persona Domínguez Novas, Juan Francisco
9 (RLIN) 73382
910 ## - DATOS DE OPCIÓN DEL USUARIO (OCLC)
Datos de opción del usuario Validado, Control de calidad MFF
942 ## - ELEMENTOS DE PUNTO DE ACCESO ADICIONAL (KOHA)
Fuente del sistema de clasificación o colocación Dewey Decimal Classification
Tipo de ítem Koha Libro
Holdings
Estado de retiro Estado de pérdida Fuente del sistema de clasificación o colocación Restricciones de uso No para préstamo Código de colección Localización permanente Ubicación/localización actual Ubicación en estantería Fecha de adquisición Fuente de adquisición Total de préstamos Signatura topográfica completa Código de barras Fecha visto por última vez Número de copia Precio válido a partir de Tipo de ítem Koha
    Dewey Decimal Classification Préstamo en sala   Dominicana de Servicio Biblioteca Nacional Pedro Henríquez Ureña General Depósito 14.07.2020 Donado por Archivo General de la Nación   BNPHU DS 972.93697 H557v 2021-0244 17.02.2021 v.1, e.3 17.02.2021 Libro y Folleto Colección Dominicana de Servicio
    Dewey Decimal Classification Préstamo en sala   Dominicana de Servicio Biblioteca Nacional Pedro Henríquez Ureña General Depósito 05.03.2020 Donado por Archivo General de la Nación   BNPHU DS 972.93697 H557v 2021-0245 17.02.2021 v.1, e.4 17.02.2021 Libro y Folleto Colección Dominicana de Servicio
    Dewey Decimal Classification Préstamo en sala   Dominicana de Servicio Biblioteca Nacional Pedro Henríquez Ureña General Depósito 14.07.2020 Donado por Archivo General de la Nación   BNPHU DS 972.93697 H557v 2021-0247 17.02.2021 v.1, e.5 17.02.2021 Libro y Folleto Colección Dominicana de Servicio
    Dewey Decimal Classification Préstamo en sala   Dominicana de Servicio Biblioteca Nacional Pedro Henríquez Ureña General Depósito 18.02.2021 Donación Archivo Nacional de la Nación   BNPHU DS 972.93697 H557v 2021-0306 18.02.2021 v.2, e.3 18.02.2021 Libro y Folleto Colección Dominicana de Servicio
    Dewey Decimal Classification Préstamo en sala   Dominicana de Servicio Biblioteca Nacional Pedro Henríquez Ureña General Depósito 18.02.2021 Donado por Archivo General de la Nación   BNPHU DS 972.93697 H557v 2021-0307 18.02.2021 v.2, e4 18.02.2021 Libro y Folleto Colección Dominicana de Servicio
    Dewey Decimal Classification Préstamo en sala   Dominicana de Servicio Biblioteca Nacional Pedro Henríquez Ureña General Depósito 18.02.2021 Donado por Archivo General de la Nación   BNPHU DS 972.93697 H557v 2021-0309 18.02.2021 v.2, e.5 18.02.2021 Libro y Folleto Colección Dominicana de Servicio
    Dewey Decimal Classification Préstamo restringido Préstamo restrigido Patrimonio Dominicano Biblioteca Nacional Pedro Henríquez Ureña Patrimonio Dominicano Depósito 17.02.2021 Donado por Archivo General de la Nación   BNPHU PD 972.93697 H557v 2021-0242 17.02.2021 v.1 17.02.2021 Libro y Folleto Colección Patrimonio Dominicano
    Dewey Decimal Classification Excluido de préstamo Préstamo restrigido Patrimonio Dominicano Biblioteca Nacional Pedro Henríquez Ureña Patrimonio Dominicano Depósito 05.03.2020 Donado por el Archivo General de la Nación   BNPHU PD 972.93697 H557v 2021-0243 17.02.2021 v.1, e.2 17.02.2021 Libro y Folleto Colección Patrimonio Dominicano
    Dewey Decimal Classification Excluido de préstamo Préstamo restrigido Patrimonio Dominicano Biblioteca Nacional Pedro Henríquez Ureña Patrimonio Dominicano Depósito 18.02.2021 Donado por Archivo General de la Nación   BNPHU PD 972.93697 H557v 2021-0304 18.02.2021 v.2 18.02.2021 Libro y Folleto Colección Patrimonio Dominicano
    Dewey Decimal Classification Excluido de préstamo Préstamo restrigido Patrimonio Dominicano Biblioteca Nacional Pedro Henríquez Ureña Patrimonio Dominicano Depósito 18.02.2021 Donado por Archivo General de la Nación   BNPHU PD 972.93697 H557v 2021-0305 18.02.2021 v.2, e.2 18.02.2021 Libro y Folleto Colección Patrimonio Dominicano

Powered by Koha